[Event "Ponte de Lima op"]
[Site "Ponte de Lima"]
[Date "2024.04.12"]
[Round "6"]
[White "Mannion, Stephen R"]
[Black "Padeiro, Jose Joao Tato"]
[Result "0-1"]
[WhiteElo "2159"]
[BlackElo "2121"]
[PlyCount "134"]
[EventDate "2024.04.09"]
[EventType "swiss"]
[EventRounds "9"]
[EventCountry "POR"]
[SourceTitle "CB17_2024"]
[SourceDate "2024.04.24"]
[SourceVersion "1"]
[SourceVersionDate "2024.04.24"]
[SourceQuality "1"]

1. e4 c6 2. d4 d5 3. e5 Bf5 4. Nf3 e6 5. Be2 Nd7 6. 0-0 Bg6 7. c3 Ne7 8. a4 Nc8 9. a5 a6 10. b4 Be7 11. Nbd2 0-0 12. Nb3 Na7 13. Be3 Nb5 14. Qd2 Bh5 15. Rac1 Bxf3 16. Bxf3 f6 17. exf6 Bxf6 18. Bg4 e5 19. f4 exd4 20. Nxd4 Bxd4 21. Bxd4 Nf6 22. Be6+ Kh8 23. Be5 Nd6 24. Rce1 Qe7 25. f5 Nc4 26. Qd4 Nxe5 27. Rxe5 Qd6 28. Rfe1 Rad8 29. R5e3 Ne4 30. Rh3 Rf6 31. Ree3 Qe7 32. Rh5 h6 33. g4 Kh7 34. g5 Rxe6 35. g6+ Rxg6+ 36. fxg6+ Kxg6 37. Re5 Qd7 38. R3xe4 dxe4 39. Qxe4+ Kf7 40. Qc4+ Kf8 41. Re1 Qd5 42. Qxd5 Rxd5 43. Re3 Rd2 44. Rg3 Kf7 45. Rg4 Rc2 46. Rg3 Kf6 47. Rf3+ Ke6 48. Re3+ Kd6 49. Rg3 g5 50. Rh3 Kc7 51. Rxh6 Rxc3 52. Rh7+ Kb8 53. Rh8+ Ka7 54. Rg8 c5 55. Rxg5 cxb4 56. Rg4 Rc5 57. Rxb4 Rxa5 58. h4 Rd5 59. Kg2 b5 60. Rg4 a5 61. Rg5 Rd2+ 62. Kg3 Kb6 63. h5 a4 64. h6 Rd8 65. Kh4 a3 66. Kh5 b4 67. h7 Rh8 0-1

[Event "Leca da Palmeira 2nd"]
[Site "Leca da Palmeira"]
[Date "2023.07.31"]
[Round "1"]
[White "Raja, Harshit"]
[Black "Padeiro, Jose Joao Tato"]
[Result "1-0"]
[WhiteElo "2510"]
[BlackElo "2125"]
[PlyCount "115"]
[EventDate "2023.07.31"]
[EventType "swiss"]
[EventRounds "9"]
[EventCountry "POR"]
[SourceTitle "CBM 215 Extra"]
[Source "ChessBase"]
[SourceDate "2023.09.30"]
[SourceVersion "1"]
[SourceVersionDate "2023.09.30"]
[SourceQuality "1"]

1. e4 c6 2. Nf3 d5 3. Nc3 dxe4 4. Nxe4 Nf6 5. Qe2 Nxe4 6. Qxe4 Qd5 7. Qf4 Qf5 8. Qe3 g6 9. Bc4 Nd7 10. 0-0 Bg7 11. Re1 Bf6 12. d4 0-0 13. Qh6 Nb6 14. Bd3 Qh5 15. Qxh5 gxh5 16. Bh6 Rd8 17. Ng5 Rxd4 18. Bxh7+ Kh8 19. Bd3 Kg8 20. Rad1 Rd5 21. h4 Bf5 22. Bxf5 Rxf5 23. Rd3 Bxg5 24. hxg5 e6 25. b3 Kh7 26. c4 Re8 27. Red1 f6 28. Rd7+ Nxd7 29. Rxd7+ Kg8 30. g6 Rb8 31. g3 a5 32. Bf4 e5 33. Bh6 b5 34. Rg7+ Kh8 35. Rf7 Kg8 36. Rg7+ Kh8 37. Rc7 a4 38. c5 axb3 39. axb3 b4 40. Kg2 e4 41. Be3 Rf3 42. Re7 Rxe3 43. fxe3 Rb5 44. Rh7+ Kg8 45. Rxh5 Kg7 46. g4 Ra5 47. Kg3 Kxg6 48. Kf4 Ra3 49. Rh8 Rxb3 50. Rc8 Rc3 51. Rxc6 Rc4 52. g5 Kg7 53. gxf6+ Kg6 54. Ke5 b3 55. Ke6 b2 56. f7 b1Q 57. f8Q Kg5 58. Rc7 1-0

[Event "Famalicao op 10th"]
[Site "Vila Nova de Famalicao"]
[Date "2023.07.29"]
[Round "8"]
[White "Pein, Malcolm"]
[Black "Padeiro, Jose Joao Tato"]
[Result "1/2-1/2"]
[WhiteElo "2303"]
[BlackElo "2125"]
[PlyCount "66"]
[EventDate "2023.07.24"]
[EventType "swiss"]
[EventRounds "9"]
[EventCountry "POR"]
[SourceTitle "EXT 2024"]
[Source "ChessBase"]
[SourceDate "2023.10.10"]
[SourceVersion "1"]
[SourceVersionDate "2023.10.10"]
[SourceQuality "1"]

1. Nf3 d5 2. c4 e6 3. d4 Nf6 4. Nc3 Be7 5. Bf4 0-0 6. e3 b6 7. Rc1 Ba6 8. cxd5 Nxd5 9. Bxa6 Nxa6 10. Nxd5 Qxd5 11. Qa4 Qb7 12. Qc6 Qxc6 13. Rxc6 Rac8 14. a3 Nb8 15. Rc2 c5 16. dxc5 Rxc5 17. Rxc5 Bxc5 18. Ke2 f6 19. Bxb8 Rxb8 20. b4 Bf8 21. Rc1 a5 22. Nd4 axb4 23. axb4 e5 24. Nc6 Ra8 25. Kd3 Kf7 26. Rc2 b5 27. f4 Ke6 28. fxe5 fxe5 29. Ke4 Bd6 30. Rd2 Rc8 31. Rc2 Ra8 32. Rd2 Rc8 33. Rc2 Ra8 1/2-1/2

[Event "Famalicao op 10th"]
[Site "Vila Nova de Famalicao"]
[Date "2023.07.26"]
[Round "5"]
[White "Ribeiro, Rodrigo"]
[Black "Padeiro, Jose Joao Tato"]
[Result "1/2-1/2"]
[WhiteElo "1903"]
[BlackElo "2125"]
[PlyCount "50"]
[EventDate "2023.07.24"]
[EventType "swiss"]
[EventRounds "9"]
[EventCountry "POR"]
[SourceTitle "EXT 2024"]
[Source "ChessBase"]
[SourceDate "2023.10.10"]
[SourceVersion "1"]
[SourceVersionDate "2023.10.10"]
[SourceQuality "1"]

1. d4 e6 2. c4 f5 3. g3 Nf6 4. Bg2 d5 5. Nc3 c6 6. Nf3 Bd6 7. Qd3 0-0 8. 0-0 Ne4 9. Ne5 b6 10. f3 Nxc3 11. Qxc3 Bb7 12. Nd3 Nd7 13. Bd2 Rc8 14. e4 c5 15. cxd5 exd5 16. exf5 Ba6 17. Rfe1 Rxf5 18. f4 Kh8 19. Kh1 Rf8 20. Bxd5 Nf6 21. Bf3 cxd4 22. Qxd4 Bb8 23. Qxd8 Rfxd8 24. Nb4 Rxd2 25. Nxa6 Rxb2 1/2-1/2

[Event "Famalicao op 10th"]
[Site "Vila Nova de Famalicao"]
[Date "2023.07.25"]
[Round "3"]
[White "Padeiro, Jose Joao Tato"]
[Black "Avelino, Camila Biscaya"]
[Result "1-0"]
[WhiteElo "2125"]
[BlackElo "1763"]
[PlyCount "79"]
[EventDate "2023.07.24"]
[EventType "swiss"]
[EventRounds "9"]
[EventCountry "POR"]
[SourceTitle "EXT 2024"]
[Source "ChessBase"]
[SourceDate "2023.10.10"]
[SourceVersion "1"]
[SourceVersionDate "2023.10.10"]
[SourceQuality "1"]

1. Nf3 Nf6 2. c4 g6 3. Nc3 Bg7 4. d4 d6 5. Bg5 0-0 6. e3 c5 7. d5 h6 8. Bh4 g5 9. Bg3 Nh5 10. Qc2 f5 11. Be2 Qe8 12. Nd2 a6 13. a4 b6 14. Qd1 Nxg3 15. hxg3 e5 16. dxe6 Bxe6 17. Bf3 Ra7 18. Qb3 Nd7 19. 0-0 Ne5 20. Bd5 Bxd5 21. Nxd5 Rb7 22. Nf3 Kh8 23. Nxe5 Qxe5 24. Nc3 f4 25. exf4 gxf4 26. Rae1 Qh5 27. Ne4 Be5 28. Qf3 Qxf3 29. gxf3 fxg3 30. fxg3 Bxb2 31. Nxd6 Rd7 32. Re6 Kg7 33. g4 Rf6 34. Ne8+ Kf7 35. Nxf6 Kxe6 36. Nxd7 Kxd7 37. Rb1 Bd4+ 38. Kg2 Kc6 39. f4 Bf6 40. Kf3 1-0

[Event "Leca da Palmeira op"]
[Site "Leca da Palmeira"]
[Date "2022.08.04"]
[Round "8"]
[White "Padeiro, Jose Joao Tato"]
[Black "Akhvlediani, Irakli"]
[Result "1/2-1/2"]
[WhiteElo "2216"]
[BlackElo "2429"]
[PlyCount "120"]
[EventDate "2022.07.31"]
[EventType "swiss"]
[EventRounds "9"]
[EventCountry "POR"]
[SourceTitle "CBM 209 Extra"]
[Source "ChessBase"]
[SourceDate "2022.09.30"]
[SourceVersion "1"]
[SourceVersionDate "2022.09.30"]
[SourceQuality "1"]

1. Nf3 Nf6 2. c4 e6 3. b3 d5 4. Bb2 c5 5. e3 Nc6 6. cxd5 exd5 7. Bb5 Bd6 8. 0-0 0-0 9. d4 cxd4 10. Nxd4 Ne5 11. Be2 Ne4 12. Nf3 Ng4 13. Qd4 Ngf6 14. Ba3 Bf5 15. Bxd6 Qxd6 16. Nbd2 Qa3 17. Qe5 Nxd2 18. Nxd2 Bg6 19. Nb1 Qc5 20. Qb2 Rac8 21. Bf3 Qb4 22. Na3 a6 23. Rac1 h6 24. Rfd1 Kh7 25. h3 Rxc1 26. Qxc1 Bf5 27. Nc2 Qa5 28. Nd4 Rc8 29. Qd2 Qxd2 30. Rxd2 Rc1+ 31. Rd1 Rxd1+ 32. Bxd1 Kg6 33. f3 Bb1 34. a3 Nd7 35. Kf2 Kf6 36. Ke2 Ke7 37. Kd2 Kd6 38. g4 Ne5 39. f4 Nc6 40. Kc3 Ne7 41. h4 Be4 42. g5 f6 43. gxh6 gxh6 44. Bh5 a5 45. b4 axb4+ 46. axb4 Nf5 47. Nxf5+ Bxf5 48. Bf3 b6 49. Kd4 Be6 50. Bh5 Bf5 51. Bf3 Be6 52. Bh5 Kc6 53. Be2 Bf7 54. Bf1 Bg6 55. Be2 Be4 56. Bf1 Bf3 57. Bd3 Kd6 58. Ba6 Be4 59. Bf1 Bf3 60. Ba6 Be4 1/2-1/2

[Event "POR-ch"]
[Site "Evora"]
[Date "2021.09.15"]
[Round "9"]
[White "Padeiro, Jose Joao Tato"]
[Black "Ferreira, Jorge Viterbo"]
[Result "0-1"]
[WhiteElo "2235"]
[BlackElo "2520"]
[PlyCount "86"]
[EventDate "2021.09.07"]
[EventType "tourn"]
[EventRounds "9"]
[EventCountry "POR"]
[EventCategory "4"]
[SourceTitle "CBM 204 Extra"]
[Source "ChessBase"]
[SourceDate "2021.11.30"]
[SourceVersion "1"]
[SourceVersionDate "2021.11.30"]
[SourceQuality "1"]

1. e4 c5 2. Nc3 e6 3. f4 d5 4. Nf3 dxe4 5. Nxe4 Nc6 6. Bb5 Bd7 7. Qe2 Nf6 8. f5 Be7 9. fxe6 Bxe6 10. Ne5 Qc7 11. Ng5 Bd5 12. Bxc6+ Bxc6 13. Nexf7 0-0 14. Ne6 Qc8 15. Nxf8 Kxf7 16. Nxh7 Nxh7 17. 0-0+ Nf6 18. Qc4+ Qe6 19. Qxe6+ Kxe6 20. d3 Nd5 21. Bd2 Bf6 22. c3 Rh8 23. a3 b5 24. c4 Bd4+ 25. Kh1 Nf6 26. Rae1+ Kd7 27. cxb5 Bxb5 28. Bc3 Bxc3 29. bxc3 Bxd3 30. Rf3 c4 31. Re5 Re8 32. Rxe8 Kxe8 33. Rg3 Kf7 34. Rg5 Ne4 35. Ra5 Nxc3 36. Rxa7+ Kf6 37. Kg1 Ne2+ 38. Kf2 c3 39. Rc7 c2 40. Ke3 c1Q+ 41. Rxc1 Nxc1 42. Kd2 Be4 43. Kxc1 Bxg2 0-1

[Event "POR-ch"]
[Site "Evora"]
[Date "2021.09.14"]
[Round "8"]
[White "Sousa, Andre Ventura"]
[Black "Padeiro, Jose Joao Tato"]
[Result "1-0"]
[WhiteElo "2406"]
[BlackElo "2235"]
[PlyCount "69"]
[EventDate "2021.09.07"]
[EventType "tourn"]
[EventRounds "9"]
[EventCountry "POR"]
[EventCategory "4"]
[SourceTitle "CBM 204 Extra"]
[Source "ChessBase"]
[SourceDate "2021.11.30"]
[SourceVersion "1"]
[SourceVersionDate "2021.11.30"]
[SourceQuality "1"]

1. e4 c6 2. d4 d5 3. Nd2 dxe4 4. Nxe4 Nf6 5. Nxf6+ exf6 6. c3 Bd6 7. Bd3 0-0 8. Qc2 Re8+ 9. Ne2 h5 10. Be3 Nd7 11. 0-0-0 b5 12. Ng3 Nb6 13. Nxh5 Bg4 14. Be2 Bxe2 15. Qxe2 g6 16. g4 gxh5 17. Rhg1 Nd5 18. g5 Nf4 19. Qf3 Ng6 20. gxf6 Re6 21. Bg5 Bf8 22. Qd3 Qe8 23. f4 Re3 24. Qb1 Rf3 25. f5 Qe2 26. Bd2 Rd3 27. fxg6 fxg6 28. Rxg6+ Kf7 29. Rg3 Rxg3 30. hxg3 Kxf6 31. Re1 Qg4 32. Qh7 Bg7 33. Bf4 Kf7 34. Bh6 Rf8 35. Bxg7 1-0

[Event "POR-ch"]
[Site "Evora"]
[Date "2021.09.09"]
[Round "3"]
[White "Fidalgo, Andre Neves"]
[Black "Padeiro, Jose Joao Tato"]
[Result "1/2-1/2"]
[WhiteElo "2263"]
[BlackElo "2235"]
[PlyCount "119"]
[EventDate "2021.09.07"]
[EventType "tourn"]
[EventRounds "9"]
[EventCountry "POR"]
[EventCategory "4"]
[SourceTitle "CBM 204 Extra"]
[Source "ChessBase"]
[SourceDate "2021.11.30"]
[SourceVersion "1"]
[SourceVersionDate "2021.11.30"]
[SourceQuality "1"]

1. d4 Nf6 2. c4 e6 3. g3 d5 4. Nf3 Be7 5. Bg2 0-0 6. 0-0 c6 7. Nc3 b6 8. Ne5 Bb7 9. e4 Nbd7 10. Nxd7 Qxd7 11. e5 Ne8 12. cxd5 cxd5 13. Re1 Ba6 14. Qg4 Rd8 15. h4 Kh8 16. Bg5 h6 17. Bd2 Bd3 18. Qh3 Nc7 19. g4 Bh7 20. Ne2 Qb5 21. Bc3 f5 22. exf6 Rxf6 23. g5 Rf7 24. Bd2 Qxb2 25. Rad1 Bd6 26. gxh6 gxh6 27. Bxh6 Qc2 28. Qe3 Qg6 29. Bg5 Rdf8 30. f4 Ne8 31. Rf1 Ng7 32. Ng3 Rc7 33. Rc1 Rfc8 34. Rxc7 Rxc7 35. Rc1 Rxc1+ 36. Qxc1 Qc2 37. Qe1 Qb1 38. Qf1 Bd3 39. Qxb1 Bxb1 40. a4 Bc2 41. h5 Bxa4 42. h6 Ne8 43. Bh3 Bd7 44. Kf2 a5 45. Bf1 a4 46. Bd3 a3 47. Bb1 Bf8 48. Nh5 Bb5 49. Ke3 Bc4 50. Nf6 Bxh6 51. Nxe8 Bxg5 52. fxg5 a2 53. Bxa2 Bxa2 54. Nc7 Kg7 55. Kf4 Bc4 56. Ke5 b5 57. Nxe6+ Kg6 58. Nf4+ Kxg5 59. Nxd5 Kg6 60. Ke4 1/2-1/2

[Event "POR-ch"]
[Site "Evora"]
[Date "2021.09.08"]
[Round "2"]
[White "Padeiro, Jose Joao Tato"]
[Black "Dias, Paulo Jorge Guimara"]
[Result "1-0"]
[WhiteElo "2235"]
[BlackElo "2335"]
[PlyCount "83"]
[EventDate "2021.09.07"]
[EventType "tourn"]
[EventRounds "9"]
[EventCountry "POR"]
[EventCategory "4"]
[SourceTitle "CBM 204 Extra"]
[Source "ChessBase"]
[SourceDate "2021.11.30"]
[SourceVersion "1"]
[SourceVersionDate "2021.11.30"]
[SourceQuality "1"]

1. d4 Nf6 2. c4 e6 3. Nc3 d5 4. e3 c5 5. Nf3 Nc6 6. a3 a6 7. dxc5 Bxc5 8. b4 Ba7 9. Bb2 0-0 10. Be2 dxc4 11. Bxc4 b5 12. Bd3 Bb7 13. 0-0 Qe7 14. Qe2 Rad8 15. Rfd1 Bb8 16. Ne4 Nxe4 17. Bxe4 f5 18. Bc2 e5 19. Rxd8 Qxd8 20. Rd1 Qc7 21. e4 Nd4 22. Nxd4 exd4 23. e5 Qxe5 24. Qxe5 Bxe5 25. Bb3+ Kh8 26. Bxd4 Bxd4 27. Rxd4 h6 28. h4 Bc8 29. f4 Kh7 30. h5 Rf6 31. Rd8 Be6 32. Bc2 Bf7 33. g4 g6 34. Rd7 Kh8 35. g5 hxg5 36. fxg5 Rc6 37. Bxf5 gxf5 38. Rxf7 Rc3 39. Kg2 Rxa3 40. g6 Ra2+ 41. Kg3 Rb2 42. h6 1-0

[Event "POR-ch"]
[Site "Evora"]
[Date "2021.09.07"]
[Round "1"]
[White "Martins, Bruno Andre Leite"]
[Black "Padeiro, Jose Joao Tato"]
[Result "1-0"]
[WhiteElo "2335"]
[BlackElo "2235"]
[PlyCount "151"]
[EventDate "2021.09.07"]
[EventType "tourn"]
[EventRounds "9"]
[EventCountry "POR"]
[EventCategory "4"]
[SourceTitle "CBM 204 Extra"]
[Source "ChessBase"]
[SourceDate "2021.11.30"]
[SourceVersion "1"]
[SourceVersionDate "2021.11.30"]
[SourceQuality "1"]

1. e4 c6 2. Nc3 d5 3. Nf3 dxe4 4. Nxe4 Nf6 5. Qe2 Nxe4 6. Qxe4 Qd5 7. Qh4 Qe6+ 8. Be2 Qg4 9. Qg3 Qxg3 10. hxg3 g6 11. d4 Bg7 12. Bh6 Bf6 13. Ne5 Be6 14. 0-0-0 Nd7 15. f4 0-0-0 16. c4 Nb6 17. b3 Rhg8 18. g4 Bh8 19. Rhf1 f6 20. f5 gxf5 21. gxf5 fxe5 22. fxe6 Rxg2 23. Bf3 Rg6 24. Bd2 exd4 25. Bh5 Rg2 26. Bb4 Rxa2 27. Bxe7 d3 28. Bf6 Rc2+ 29. Kb1 Bxf6 30. Rxf6 Re2 31. Rf7 Re8 32. Rg7 R8xe6 33. Bg4 Nd7 34. Rxd3 Re1+ 35. Kb2 Re7 36. Rxd7 Rxd7 37. Bxd7+ Kc7 38. Bf5+ Kb8 39. Rxh7 b5 40. Kc3 a5 41. Bd7 a4 42. bxa4 Rc1+ 43. Kb3 Rxc4 44. a5 Ra4 45. Bxc6 Rxa5 46. Kb4 Ra7 47. Rh6 Rg7 48. Kc5 Kc7 49. Bd5 Kd8 50. Kxb5 Rc7 51. Re6 Re7 52. Rf6 Rc7 53. Bc6 Ke7 54. Rh6 Rc8 55. Kc5 Rf8 56. Bd5 Rf6 57. Rh7+ Kf8 58. Kd4 Rg6 59. Ke5 Rg7 60. Rh8+ Ke7 61. Be6 Rg5+ 62. Bf5 Rg1 63. Rh7+ Kd8 64. Be6 Ke8 65. Kf6 Rf1+ 66. Bf5 Kd8 67. Rd7+ Ke8 68. Rc7 Rd1 69. Rc8+ Rd8 70. Rc4 Rd6+ 71. Be6 Rd1 72. Rc3 Rf1+ 73. Ke5 Re1+ 74. Kd6 Rd1+ 75. Bd5 Kf8 76. Rg3 1-0

[Event "Maia op 5th"]
[Site "Maia"]
[Date "2021.09.04"]
[Round "6"]
[White "Martinez Ramirez, Lennis"]
[Black "Padeiro, Jose Joao Tato"]
[Result "1-0"]
[WhiteElo "2458"]
[BlackElo "2235"]
[PlyCount "65"]
[EventDate "2021.08.30"]
[EventType "swiss"]
[EventRounds "7"]
[EventCountry "POR"]
[SourceTitle "CBM 204 Extra"]
[Source "ChessBase"]
[SourceDate "2021.11.30"]
[SourceVersion "1"]
[SourceVersionDate "2021.11.30"]
[SourceQuality "1"]

1. d4 Nf6 2. c4 e6 3. Nf3 Bb4+ 4. Nbd2 d5 5. Qa4+ Nc6 6. a3 Bxd2+ 7. Bxd2 a5 8. Bg5 h6 9. Bh4 g5 10. Bg3 Bd7 11. cxd5 exd5 12. e3 0-0 13. Qc2 Ne4 14. Nd2 Nxd2 15. Qxd2 f5 16. Bb5 Ne7 17. Be2 Be8 18. Rc1 c6 19. h4 Ng6 20. hxg5 hxg5 21. Be5 Nxe5 22. dxe5 a4 23. f4 Qa5 24. Rc3 g4 25. e4 Bg6 26. Rh6 Kg7 27. Rxg6+ Kxg6 28. exf5+ Rxf5 29. Bxg4 Rf7 30. f5+ Rxf5 31. Qd3 Raf8 32. Bxf5+ Rxf5 33. g4 1-0

[Event "Maia op 5th"]
[Site "Maia"]
[Date "2021.09.03"]
[Round "5"]
[White "Padeiro, Jose Joao Tato"]
[Black "Fernandes, Francisco Justo San"]
[Result "1-0"]
[WhiteElo "2235"]
[BlackElo "1695"]
[PlyCount "69"]
[EventDate "2021.08.30"]
[EventType "swiss"]
[EventRounds "7"]
[EventCountry "POR"]
[SourceTitle "CBM 204 Extra"]
[Source "ChessBase"]
[SourceDate "2021.11.30"]
[SourceVersion "1"]
[SourceVersionDate "2021.11.30"]
[SourceQuality "1"]

1. Nf3 c5 2. e4 d6 3. Bb5+ Bd7 4. Bxd7+ Nxd7 5. 0-0 Ngf6 6. Qe2 e6 7. c4 Ne5 8. Ne1 Nc6 9. Nc2 Be7 10. d3 0-0 11. f4 a6 12. Nd2 b5 13. Nf3 Re8 14. e5 Nd7 15. b3 Qc7 16. Bb2 dxe5 17. fxe5 Rad8 18. Kh1 f6 19. cxb5 axb5 20. d4 Nxd4 21. Bxd4 cxd4 22. Ncxd4 Qb6 23. Qxb5 Qxb5 24. Nxb5 Nxe5 25. Nc7 Nxf3 26. gxf3 Kf7 27. Nxe8 Kxe8 28. Rfd1 Rb8 29. Rac1 Rb7 30. Rd3 f5 31. a4 g5 32. Rc4 e5 33. a5 g4 34. fxg4 e4 35. Rh3 1-0

[Event "POR-chT"]
[Site "Peniche"]
[Date "2021.07.25"]
[Round "9.4"]
[White "Figuero Toro, Julian Francisco"]
[Black "Padeiro, Jose Joao Tato"]
[Result "1/2-1/2"]
[WhiteElo "2237"]
[BlackElo "2227"]
[PlyCount "100"]
[EventDate "2021.07.19"]
[EventType "team-tourn"]
[EventRounds "9"]
[EventCountry "POR"]
[SourceTitle "CBM 203 Extra"]
[Source "ChessBase"]
[SourceDate "2021.09.30"]
[SourceVersion "1"]
[SourceVersionDate "2021.09.30"]
[SourceQuality "1"]
[WhiteTeam "Montemor o Velho"]
[BlackTeam "Amanha da Crianca"]
[WhiteTeamCountry "POR"]
[BlackTeamCountry "POR"]

1. e4 c6 2. Nc3 d5 3. Nf3 dxe4 4. Nxe4 Nf6 5. Qe2 Nxe4 6. Qxe4 Qd5 7. Qf4 Qf5 8. d3 Qxf4 9. Bxf4 f6 10. d4 Bf5 11. 0-0-0 Nd7 12. d5 Nb6 13. dxc6 bxc6 14. Ba6 e5 15. Rhe1 Kf7 16. Bd2 Rb8 17. Re3 Nd5 18. Rb3 Bc5 19. Be1 g5 20. Bc4 Be6 21. Nd2 Rhd8 22. Rxb8 Rxb8 23. Nb3 Bb6 24. Na5 Bxa5 25. Bxa5 Rb7 26. g3 Nb6 27. Ba6 Rd7 28. Rxd7+ Bxd7 29. Bd3 f5 30. f3 h5 31. Bd2 g4 32. fxg4 hxg4 33. Be3 Ke6 34. b3 Kd6 35. Kd2 c5 36. Bh6 Be6 37. Bf8+ Kc6 38. Bg7 c4 39. Bf1 cxb3 40. axb3 Kd6 41. Bf8+ Kc6 42. Bg7 Kd6 43. Bf8+ Kc6 44. Bg7 Nd7 45. b4 Kd5 46. Bh6 Nb6 47. Be3 Kc6 48. Bd3 Nd5 49. Bxa7 Nxb4 50. Bb8 Nxd3 1/2-1/2

[Event "POR-chT"]
[Site "Peniche"]
[Date "2021.07.22"]
[Round "6.4"]
[White "Padeiro, Jose Joao Tato"]
[Black "Pinto, Andres"]
[Result "1-0"]
[WhiteElo "2227"]
[BlackElo "1951"]
[PlyCount "125"]
[EventDate "2021.07.19"]
[EventType "team-tourn"]
[EventRounds "9"]
[EventCountry "POR"]
[SourceTitle "CBM 203 Extra"]
[Source "ChessBase"]
[SourceDate "2021.09.30"]
[SourceVersion "1"]
[SourceVersionDate "2021.09.30"]
[SourceQuality "1"]
[WhiteTeam "Amanha da Crianca"]
[BlackTeam "Corvos Do Lis"]
[WhiteTeamCountry "POR"]
[BlackTeamCountry "POR"]

1. d4 Nf6 2. c4 g6 3. Nc3 Bg7 4. Nf3 d6 5. Bg5 Nbd7 6. e3 c5 7. d5 0-0 8. Be2 a6 9. a4 h6 10. Bh4 Ne8 11. 0-0 Ndf6 12. Qc2 Bg4 13. h3 Bxf3 14. Bxf3 Qd7 15. Bg3 Nc7 16. a5 Rab8 17. Na4 Na8 18. e4 Qc7 19. b4 cxb4 20. c5 Nd7 21. Rac1 Ne5 22. cxd6 Qxc2 23. Rxc2 exd6 24. Rb1 b5 25. axb6 Nxb6 26. Rxb4 Nbd7 27. Rxb8 Rxb8 28. Be2 Rb4 29. Nc3 Nc5 30. f3 a5 31. Nb5 a4 32. Ra2 Ned3 33. Bxd3 Nxd3 34. Nxd6 Nc1 35. Rc2 Rb1 36. Nc4 Nd3+ 37. Kh2 Bd4 38. Bc7 h5 39. Kg3 Bf2+ 40. Rxf2 h4+ 41. Kxh4 Nxf2 42. d6 Rd1 43. Ne3 g5+ 44. Kh5 Rd2 45. Nd5 Nd3 46. d7 Nf4+ 47. Kxg5 Ne6+ 48. Kf6 a3 49. Ke7 a2 50. Be5 Kh7 51. Kxf7 Nd8+ 52. Ke8 Nc6 53. d8Q Nxd8 54. Kxd8 Rxg2 55. f4 Rg1 56. f5 a1Q 57. Bxa1 Rxa1 58. Kd7 Kg7 59. e5 Ra7+ 60. Nc7 Ra5 61. Kd6 Kf7 62. e6+ Kf6 63. e7 1-0

[Event "POR-chT"]
[Site "Peniche"]
[Date "2021.07.22"]
[Round "5.2"]
[White "Vassallo Barroche, Mauricio"]
[Black "Padeiro, Jose Joao Tato"]
[Result "0-1"]
[WhiteElo "2378"]
[BlackElo "2227"]
[PlyCount "106"]
[EventDate "2021.07.19"]
[EventType "team-tourn"]
[EventRounds "9"]
[EventCountry "POR"]
[SourceTitle "CBM 203 Extra"]
[Source "ChessBase"]
[SourceDate "2021.09.30"]
[SourceVersion "1"]
[SourceVersionDate "2021.09.30"]
[SourceQuality "1"]
[WhiteTeam "Assembleia Figueirense"]
[BlackTeam "Amanha da Crianca"]
[WhiteTeamCountry "POR"]
[BlackTeamCountry "POR"]

1. d4 Nf6 2. Nf3 e6 3. c4 Bb4+ 4. Bd2 Bxd2+ 5. Qxd2 d5 6. g3 0-0 7. Bg2 Qe7 8. 0-0 Rd8 9. Na3 Nc6 10. Rfd1 Bd7 11. Rac1 Ne4 12. Qe3 f5 13. Nb5 Be8 14. Nc3 Bh5 15. cxd5 exd5 16. Nxe4 dxe4 17. Nh4 Qf6 18. d5 Ne7 19. Rxc7 Nxd5 20. Qb3 Bf7 21. Rc5 Ne7 22. Rxd8+ Rxd8 23. Qc2 g5 24. Nxf5 Nxf5 25. Bxe4 Nd4 26. Qd3 Ne6 27. Rd5 Rxd5 28. Bxd5 b6 29. b4 Nf8 30. Bxf7+ Kxf7 31. Qd5+ Kg7 32. a4 Ne6 33. Qd7+ Qf7 34. Qd5 h6 35. a5 bxa5 36. Qxa5 Qc7 37. Qd5 Kf6 38. e4 Qe5 39. Qa8 Qc7 40. Qh8+ Qg7 41. Qc8 g4 42. h4 Ke5 43. Qc6 Kf6 44. Qc8 Qg6 45. Qc3+ Kf7 46. Qe3 Kg8 47. Qd3 Qf6 48. Qd5 Kg7 49. Qb7+ Qf7 50. Qd5 h5 51. b5 Kg6 52. Qa8 Nd4 53. Qd8 Ne2+ 0-1

[Event "POR-chT"]
[Site "Peniche"]
[Date "2021.07.20"]
[Round "3.1"]
[White "Padeiro, Jose Joao Tato"]
[Black "Pereira, Ruben Miguel Nunes"]
[Result "0-1"]
[WhiteElo "2227"]
[BlackElo "2443"]
[PlyCount "72"]
[EventDate "2021.07.19"]
[EventType "team-tourn"]
[EventRounds "9"]
[EventCountry "POR"]
[SourceTitle "CBM 203 Extra"]
[Source "ChessBase"]
[SourceDate "2021.09.30"]
[SourceVersion "1"]
[SourceVersionDate "2021.09.30"]
[SourceQuality "1"]
[WhiteTeam "Amanha da Crianca"]
[BlackTeam "Estrelas S Joao de Brito"]
[WhiteTeamCountry "POR"]
[BlackTeamCountry "POR"]

1. e4 c5 2. Nc3 a6 3. g3 b5 4. Bg2 Bb7 5. d3 e6 6. Nh3 Nf6 7. 0-0 Be7 8. e5 Bxg2 9. Kxg2 Ng8 10. Qg4 g6 11. Bg5 f6 12. exf6 Nxf6 13. Bxf6 Bxf6 14. Ne4 0-0 15. Nf4 Qe7 16. Rae1 Be5 17. Nh3 Bxb2 18. Nhg5 Nc6 19. h4 Rf5 20. f4 h5 21. Qd1 Raf8 22. Nh3 Bg7 23. g4 hxg4 24. Qxg4 Rh5 25. Nhg5 Nd4 26. Ng3 Rh6 27. Rf2 Nf5 28. Nxf5 Rxf5 29. Rh1 Bf6 30. Qf3 Kg7 31. Rh3 Qd6 32. Ne4 Qd5 33. Ng3 Rxf4 34. Qxd5 Rxf2+ 35. Kxf2 exd5 36. h5 Be5 0-1

[Event "POR-chT"]
[Site "Peniche"]
[Date "2021.07.19"]
[Round "1.2"]
[White "Padeiro, Jose Joao Tato"]
[Black "Romano, Joao Manuel Pereira"]
[Result "1/2-1/2"]
[WhiteElo "2227"]
[BlackElo "2028"]
[PlyCount "144"]
[EventDate "2021.07.19"]
[EventType "team-tourn"]
[EventRounds "9"]
[EventCountry "POR"]
[SourceTitle "CBM 203 Extra"]
[Source "ChessBase"]
[SourceDate "2021.09.30"]
[SourceVersion "1"]
[SourceVersionDate "2021.09.30"]
[SourceQuality "1"]
[WhiteTeam "Amanha da Crianca"]
[BlackTeam "CX A2D"]
[WhiteTeamCountry "POR"]
[BlackTeamCountry "POR"]

1. Nf3 d5 2. b3 Nf6 3. Bb2 e6 4. g3 Be7 5. Bg2 0-0 6. 0-0 c5 7. c4 Nc6 8. cxd5 Nxd5 9. d4 cxd4 10. Nxd4 Bd7 11. e4 Ndb4 12. a3 Nxd4 13. Qxd4 e5 14. Qd1 Nc6 15. Nc3 Be6 16. Nd5 Bc5 17. Qh5 f6 18. Rac1 Bd4 19. Qe2 Qd7 20. Kh1 Rac8 21. b4 Bxb2 22. Qxb2 Rfe8 23. Rc3 Nd4 24. Rfc1 Rxc3 25. Rxc3 Bxd5 26. exd5 Nb5 27. Rc5 Nd6 28. Qc2 Re7 29. h4 g6 30. Kh2 e4 31. Qc3 Qf5 32. Qd4 Qe5 33. Qxe5 Rxe5 34. g4 h5 35. gxh5 Rxh5 36. Bh3 f5 37. Kg3 Kf7 38. Bf1 Kf6 39. a4 Ke5 40. a5 g5 41. hxg5 Rxg5+ 42. Kh2 a6 43. Bh3 Rg7 44. Bg2 Kd4 45. Bh3 Ke5 46. Bg2 Rg8 47. Bh3 Rg6 48. Bf1 Rg5 49. Bh3 Rg8 50. Bf1 Rc8 51. Kg3 f4+ 52. Kh2 Kd4 53. Rxc8 Nxc8 54. b5 axb5 55. Bxb5 Kxd5 56. Kh3 Na7 57. Bf1 Nc6 58. Kg4 Ke5 59. a6 b6 60. Bb5 Na7 61. Ba4 b5 62. Bb3 Nc6 63. Bg8 b4 64. Bf7 e3 65. fxe3 fxe3 66. Kf3 Kd4 67. Ke2 Na7 68. Bg8 Nb5 69. Ke1 Kd3 70. Bh7+ Kc3 71. Bg8 Kd4 72. Bf7 Ke5 1/2-1/2